000 02336cam a22005174i 4500
003 PE-LiUPU
005 20250731165456.0
008 150623s r 000 0 d
020 _a1850756562
035 _a(Sirsi) i9781850756569
040 _aPE-LiUPU
_bspa
_cPE-LiUPU
_erda
049 _aPRUA
082 0 4 _a225.007
_bJ
_221
100 1 _aDenova, Rebecca I.,
_eautor.
245 1 4 _aThe things accomplished among us :
_bprophetic tradition in the structural pattern of Luke-Acts.
_n141 /
_cRebecca I. Denova.
264 1 _aMidsomer Norton, Bath, Great Britain :
_bSheffield Academic Press,
_c1997.
300 _a260 páginas ;
_c24 centímetros
336 _atext
_2rdacontent
337 _aunmediated
_2rdamedia
338 _avolume
_2rdacarrier
490 0 _aJournal for the study of the N.T. Supplement Series ;
_v141
504 _aBibliografía: p. 232-245.
505 0 _aThe `Fulfillment of prophecy' in Luke-Acts. -Luke-Acts and modern scholarship: Theology, eschatology and history. -Literay device in Luke-Acts: scripture, typology and parallel patterns. -Literary device and the structural pattern of Luke-Acts. -Luke 4.16-30 and the structural pattern of Luke-Acts. -The `Fulfillment of prophecy' in the acts of the apostles. -The `Fulfillment of prophecy' in Luke's portrait of Paul and the gentiles. -Concluding remarks on the literary characteristics of Luke-Acts.
526 _aSEG44
526 _aSEG26
526 _aP151
526 _aP150
526 _aP149
526 _aP146
526 _aP145
526 _aP126
526 _aP125
526 _aP92
526 _aP75
526 _aP74
526 _aP27
526 _aP15
630 _aBiblia.
_pN.T.
_pHechos
_xComentarios.
630 _aBiblia.
_pN.T.
_pLucas
_xComentarios.
942 _2ddc
_cBOOK
949 _aRC 225.007 J 141
_wDEWEY
_c1
_i45045
_lCCODEBUL1
_mBUL
_r0
_sY
_tBOOK
_u2015-6-24
_xTEOLOGIA
_PP35
_0COMPRA
_o.CIRCNOTE. No olvidar cambiar la fecha de devolución!!!!!!!
_o.STAFF. Colección General
994 _aC0
_bPEPRU
596 _a1
999 _aRC 225.007 J 141
_wDEWEY
_c21927
_i45045
_f2021-11-8
_g6
_lCCODEBUL1
_mBUL
_r1
_sY
_tBOOK
_u2015-6-24
_xTEOLOGIA
_PP35
_0COMPRA
_o.CIRCNOTE. No olvidar cambiar la fecha de devolución!!!!!!!
_o.STAFF. Colección General
_d21927
980 _81
_gALBERTO SANCHEZ Responsable de Automatización